| 000 | 00951nam a22002657a 4500 | ||
|---|---|---|---|
| 001 | 7066 | ||
| 003 | FISKH | ||
| 005 | 20250619154130.0 | ||
| 008 | 250619b cb ||||| |||| 00| 0 eng d | ||
| 020 | _a9780340931837 | ||
| 040 |
_aFISKH _beng _cFISKH _dFISKH |
||
| 050 | _aPZ7.M869647 S | ||
| 082 | _a823.92 | ||
| 100 |
_aMuchamore, Robert _d(1972-) |
||
| 245 |
_aThe sleep walker / _cRobert Muchamore |
||
| 250 | _aThis edition first published in 2014 | ||
| 260 |
_aLondon : _bHodder, _c2008 |
||
| 300 |
_a322 pages : _c20 cm |
||
| 505 | _aZ | ||
| 520 | _aAn airliner explodes over the Atlantic leaving 345 people dead. Crash investigators suspect terrorism, but they're getting nowhere. A distressed 12-year-old calls a police hotline and blames his father for the explosion. It could be a breakthrough, but there's no hard evidence. | ||
| 650 |
_2Action _aAdventure |
||
| 650 |
_2Young adult _aSpy |
||
| 942 |
_2ddc _cBK _n0 |
||
| 999 |
_c7066 _d7066 |
||